|
|
|
|
| LEADER |
03281nam a22004335i 4500 |
| 001 |
978-3-658-02601-1 |
| 003 |
DE-He213 |
| 005 |
20151204183225.0 |
| 007 |
cr nn 008mamaa |
| 008 |
130809s2014 gw | s |||| 0|eng d |
| 020 |
|
|
|a 9783658026011
|9 978-3-658-02601-1
|
| 024 |
7 |
|
|a 10.1007/978-3-658-02601-1
|2 doi
|
| 040 |
|
|
|d GrThAP
|
| 050 |
|
4 |
|a TS155-TS194
|
| 072 |
|
7 |
|a KJMV
|2 bicssc
|
| 072 |
|
7 |
|a BUS087000
|2 bisacsh
|
| 082 |
0 |
4 |
|a 658.5
|2 23
|
| 100 |
1 |
|
|a Leppelt, Thomas.
|e author.
|
| 245 |
1 |
0 |
|a Sustainability in Supply Chains
|h [electronic resource] :
|b A Study on the Effects of Sustainability on Supplier-Buyer Relationships /
|c by Thomas Leppelt.
|
| 264 |
|
1 |
|a Wiesbaden :
|b Springer Fachmedien Wiesbaden :
|b Imprint: Springer Gabler,
|c 2014.
|
| 300 |
|
|
|a XIV, 121 p. 8 illus.
|b online resource.
|
| 336 |
|
|
|a text
|b txt
|2 rdacontent
|
| 337 |
|
|
|a computer
|b c
|2 rdamedia
|
| 338 |
|
|
|a online resource
|b cr
|2 rdacarrier
|
| 347 |
|
|
|a text file
|b PDF
|2 rda
|
| 490 |
1 |
|
|a Essays on Supply Chain Management
|
| 505 |
0 |
|
|a Sustainable supplier relationship management -- Marketing of sustainable supply chain management capabilities in business markets -- Drivers of marketing-purchasing integration at the supplier level.
|
| 520 |
|
|
|a Sustainability advanced to an omnipresent topic among academics and business leaders, while at the same time a growing share of a firm’s total expenditure accounts for purchased materials and services. Yet, academic research still lacks a detailed understanding of how sustainability considerations affect the relationship between buyers and suppliers in a competitive supply chain setting. With his three articles on Sustainability in Supply Chains, Thomas Leppelt contributes to extant literature across the disciplines of supply chain management and marketing by cross-functionally investigating the effects of sustainability on supplier-buyer relationships from both a supplier and a buyer perspective. Contents · Sustainable supplier relationship management · Marketing of sustainable supply chain management capabilities in business markets · Drivers of marketing-purchasing integration at the supplier level Target Groups · Researchers and students in the fields of supply chain management, marketing, and management · Managers and experts who are interested in strategically managing their supply chain towards sustainability About the Author Dr. Thomas Leppelt received his doctor’s degree from Friedrich-Alexander-University Erlangen-Nürnberg in business administration at the Chair of Prof. Dr.-Ing. Evi Hartmann. He is working in the automotive industry. In his research he focuses on sustainability aspects in interdependent supply chain settings. .
|
| 650 |
|
0 |
|a Business.
|
| 650 |
|
0 |
|a Production management.
|
| 650 |
1 |
4 |
|a Business and Management.
|
| 650 |
2 |
4 |
|a Operations Management.
|
| 710 |
2 |
|
|a SpringerLink (Online service)
|
| 773 |
0 |
|
|t Springer eBooks
|
| 776 |
0 |
8 |
|i Printed edition:
|z 9783658026004
|
| 830 |
|
0 |
|a Essays on Supply Chain Management
|
| 856 |
4 |
0 |
|u http://dx.doi.org/10.1007/978-3-658-02601-1
|z Full Text via HEAL-Link
|
| 912 |
|
|
|a ZDB-2-SBE
|
| 950 |
|
|
|a Business and Economics (Springer-11643)
|